Loading...
| Fine Arts - Other | 0 | 4 | 0 | 0 | 40 | 105 | 131.75 | 0 | 0 | 3.90 | 8.57 |
| Literature - Drama | 1 | 2 | 0 | 0 | 35 | 68 | 88.67 | 0 | 2 | 15.63 | 23.21 |
| History - World | 1 | 2 | 0 | 0 | 35 | 55 | 79.67 | 1 | 3 | 9.42 | 17.14 |
| Philosophy | 0 | 3 | 1 | 1 | 25 | 77 | 107.00 | 0 | 1 | 5.86 | 14.29 |
| Other Academic | 0 | 2 | 0 | 0 | 20 | 78 | 99.50 | 0 | 1 | 6.04 | 14.29 |
| Social Science | 0 | 2 | 0 | 0 | 20 | 109 | 128.00 | 0 | 1 | 1.67 | 2.86 |
| Literature - Poetry | 0 | 2 | 1 | 1 | 15 | 119 | 136.50 | 0 | 1 | 2.13 | 7.14 |
| Literature - Short Fiction | 1 | 0 | 0 | 0 | 15 | 85 | 85.00 | 0 | 1 | 22.40 | 35.71 |
| Fine Arts - Painting and Sculpture | 1 | 0 | 0 | 0 | 15 | 40 | 40.00 | 0 | 1 | 7.26 | 8.57 |
| History - American | 1 | 0 | 0 | 0 | 15 | 48 | 48.00 | 0 | 1 | 7.99 | 3.57 |
| Science - Biology | 0 | 1 | 0 | 0 | 10 | 111 | 111.00 | 0 | 0 | 2.07 | 1.43 |
| Literature - Long Fiction | 0 | 0 | 1 | 0 | -5 | 0.00 | 0 | 0 | 0.00 | 0.00 | |
| History - European | 0 | 0 | 1 | 0 | -5 | 0.00 | 0 | 0 | 0.00 | 0.00 | |
| Current Events | 0 | 0 | 1 | 0 | -5 | 0.00 | 0 | 0 | 0.00 | 0.00 |